La lectrice ou la révélation du désir (notice n° 1653841)

détails MARC
000 -LEADER
fixed length control field 01245cam a2200157 4500500
005 - DATE AND TIME OF LATEST TRANSACTION
control field 20260208005810.0
041 ## - LANGUAGE CODE
Language code of text/sound track or separate title fre
042 ## - AUTHENTICATION CODE
Authentication code dc
100 10 - MAIN ENTRY--PERSONAL NAME
Personal name Anfray, Clélia
Relator term author
245 00 - TITLE STATEMENT
Title La lectrice ou la révélation du désir
260 ## - PUBLICATION, DISTRIBUTION, ETC.
Date of publication, distribution, etc. 2005.<br/>
500 ## - GENERAL NOTE
General note 84
520 ## - SUMMARY, ETC.
Summary, etc. L’image de la lectrice, immortalisée par Dante dans sa Divine Comédie, a trouvé un large écho dans la littérature du XIXe siècle, et en particulier chez Lamartine, Balzac, Flaubert ou Zola. Loin d’être hasardeuse, la lecture de ces héroïnes souvent désœuvrées, vient combler une vacance ou plutôt un défaut de passion qu’elle vient nommer. Elle préfigure par son contenu même — les œuvres de Bernardin de Saint-Pierre, Walter Scott ou George Sand sont régulièrement convoquées — la passion, voire l’adultère. À la frontière du discours pur et du simple objet, le livre préside en outre à la formulation du désir amoureux tout en entretenant avec sa lectrice un rapport quasi érotique.
786 0# - DATA SOURCE ENTRY
Note Revue d'histoire littéraire de la France | 105 | 1 | 2005-02-01 | p. 111-119 | 0035-2411
856 41 - ELECTRONIC LOCATION AND ACCESS
Uniform Resource Identifier <a href="https://shs.cairn.info/revue-d-histoire-litteraire-de-la-france-2005-1-page-111?lang=fr&redirect-ssocas=7080">https://shs.cairn.info/revue-d-histoire-litteraire-de-la-france-2005-1-page-111?lang=fr&redirect-ssocas=7080</a>

Pas d'exemplaire disponible.

PLUDOC

PLUDOC est la plateforme unique et centralisée de gestion des bibliothèques physiques et numériques de Guinée administré par le CEDUST. Elle est la plus grande base de données de ressources documentaires pour les Étudiants, Enseignants chercheurs et Chercheurs de Guinée.

Adresse

627 919 101/664 919 101

25 boulevard du commerce
Kaloum, Conakry, Guinée

Réseaux sociaux

Powered by Netsen Group @ 2025